The Bharatiya Nagarik Suraksha Sanhita,2023 (Record no. 1679951)
[ view plain ]
| 000 -LEADER | |
|---|---|
| fixed length control field | 00527nam a22002057a 4500 |
| 005 - DATE AND TIME OF LATEST TRANSACTION | |
| control field | 20260219044906.0 |
| 008 - FIXED-LENGTH DATA ELEMENTS--GENERAL INFORMATION | |
| fixed length control field | 260219b |||||||| |||| 00| 0 eng d |
| 020 ## - INTERNATIONAL STANDARD BOOK NUMBER | |
| International Standard Book Number | 9789349015005 |
| 040 ## - CATALOGING SOURCE | |
| Transcribing agency | ILCL |
| 041 ## - LANGUAGE CODE | |
| Source of code | eng |
| Language code of text/sound track or separate title | eng |
| 084 ## - COLON CLASSIFICATION NUMBER | |
| Classification number | Z2,805 R5 |
| 100 ## - MAIN ENTRY--PERSONAL NAME | |
| Personal name | Ratanlal |
| 245 ## - TITLE STATEMENT | |
| Title | The Bharatiya Nagarik Suraksha Sanhita,2023 |
| 250 ## - EDITION STATEMENT | |
| Edition statement | 24 |
| 260 ## - PUBLICATION, DISTRIBUTION, ETC. | |
| Place of publication, distribution, etc. | Haryana |
| Name of publisher, distributor, etc. | Lexis Nexis |
| Date of publication, distribution, etc. | 2025 |
| 300 ## - PHYSICAL DESCRIPTION | |
| Extent | ccviii,1402p. |
| 700 ## - ADDED ENTRY--PERSONAL NAME | |
| Personal name | Dhirajlal |
| 700 ## - ADDED ENTRY--PERSONAL NAME | |
| Personal name | Saxena, Namit |
| 942 ## - ADDED ENTRY ELEMENTS (KOHA) | |
| Source of classification or shelving scheme | Colon Classification (CC) |
| Koha item type | Textbook |
| 100 ## - MAIN ENTRY--PERSONAL NAME | |
| -- | 1116182 |
| 700 ## - ADDED ENTRY--PERSONAL NAME | |
| -- | 1116183 |
| 700 ## - ADDED ENTRY--PERSONAL NAME | |
| -- | 1116184 |
| 999 ## - | |
| -- | 1679951 |
| -- | 1679951 |
| Withdrawn status | Lost status | Source of classification or shelving scheme | Damaged status | Not for loan | Home library | Current library | Date acquired | Source of acquisition | Cost, normal purchase price | Inventory number | Total checkouts | Full call number | Barcode | Date due | Date last seen | Date last checked out | Price effective from | Koha item type |
|---|---|---|---|---|---|---|---|---|---|---|---|---|---|---|---|---|---|---|
| Colon Classification (CC) | Integrated Law Course library | Integrated Law Course library | 2026-02-13 | The Book Seller | 1495.00 | 9356 dt. 13-02-2026 | 1 | Z2,805 R5 | IL1865309 | 2026-04-09 | 2026-03-10 | 2026-03-10 | 2026-02-19 | Textbook | ||||
| Colon Classification (CC) | Integrated Law Course library | Integrated Law Course library | 2026-02-13 | The Book Seller | 1495.00 | 9356 dt. 13-02-2026 | Z2,805 R5 | IL1865310 | 2026-02-19 | 2026-02-19 | Textbook | |||||||
| Colon Classification (CC) | Integrated Law Course library | Integrated Law Course library | 2026-02-16 | Global Informatics Solutions | 1495.00 | 262 dt. 16-02-2026 | 1 | Z2,805 R5 | IL1865467 | 2026-04-10 | 2026-04-01 | 2026-02-23 | Textbook | |||||
| Colon Classification (CC) | Integrated Law Course library | Integrated Law Course library | 2026-02-16 | Global Informatics Solutions | 1495.00 | 262 dt. 16-02-2026 | 1 | Z2,805 R5 | IL1865468 | 2026-03-25 | 2026-03-11 | 2026-03-11 | 2026-02-23 | Textbook | ||||
| Colon Classification (CC) | Integrated Law Course library | Integrated Law Course library | 2026-02-16 | Global Informatics Solutions | 1495.00 | 262 dt. 16-02-2026 | 1 | Z2,805 R5 | IL1865469 | 2026-03-10 | 2026-02-24 | 2026-02-24 | 2026-02-23 | Textbook |
